000 01093nam a2200229Ia 4500
003 Ost
005 20260507075758.0
008 260507s9999||||xx |||||||||||||| ||und||
020 _a9789969537826
040 _cfsecg
041 _aara
082 _a332.642
100 _aفتوحي، خديجة
_eمؤلف
245 0 _aانحرافات الأسواق المالية عن فرضية الكفاءة المالية /
_c خديجة فتوحي
260 _aالجزائر :
_bدار إيلياء للنشر والتوزيع,
_c2024
300 _a94 صفحة؛
_bإيضاحات ؛
_c24 سم
504 _aالمراجع ص.69-94
520 _aمدخل مفاهيمي للاسواق المالية انواعه و الادوات المتدوالة ، كفاءة الاسواق المالية و شروط تحقيقها ، انحرافات الاسواق المالية عن فرضية السوق المالي الكفء ، تفسير التشوهات وفق المالية السلوكية .
653 _aالاوراق المالية
653 _aالبورصات
942 _cكتاب
999 _c46253
_d46253